Faculty of Law Library — Cairo University

Official Online Catalog

Private International Law and the Retrospective Operation of Statutes : (Record no. 51150)

MARC details
000 -LEADER
fixed length control field 01677nam a2200385 i 4500
003 - CONTROL NUMBER IDENTIFIER
control field EG-GICUC
005 - DATE AND TIME OF LATEST TRANSACTION
control field 20260121101516.0
008 - FIXED-LENGTH DATA ELEMENTS--GENERAL INFORMATION
fixed length control field 251217s1880 uk | ||fr|||| 001 0 eng d
040 ## - CATALOGING SOURCE
Original cataloging agency EG-GiCUC
Transcribing agency EG-GiCUC
Modifying agency EG-GiCUC
Description conventions rda
Language of cataloging eng
041 ## - LANGUAGE CODE
Language code of text/sound track or separate title eng
082 04 - DEWEY DECIMAL CLASSIFICATION NUMBER
Edition number 21
Classification number 341.84
Item number SA . T
092 04 - LOCALLY ASSIGNED DEWEY CALL NUMBER (OCLC)
Edition number 21
099 ## - LOCAL FREE-TEXT CALL NUMBER (OCLC)
Classification number Law1 12 341.84 SA . T 2 ed - 1880
100 1# - MAIN ENTRY--PERSONAL NAME
Personal name Savigny, Friedrich Karl von,
Dates associated with a name 1779-1861,
Relator term Author.
245 10 - TITLE STATEMENT
Title Private International Law and the Retrospective Operation of Statutes :
Remainder of title A Treatise on the Conflict of Laws and the Limits of Their Operation in Respect of Place and Time /
Statement of responsibility, etc. By Friedrich Carl Von Savigny ; Translated, With Notes, by William Guthrie. With an Appendix Containing the Treatises of Bartolus, Molinaeus, Paul Voet, and Huber.
250 ## - EDITION STATEMENT
Edition statement Second Edition ,
Remainder of edition statement Revised
264 #1 - PRODUCTION, PUBLICATION, DISTRIBUTION, MANUFACTURE, AND COPYRIGHT NOTICE
Place of production, publication, distribution, manufacture Edinburgh ;
Name of producer, publisher, distributor, manufacturer T. Clark,
Place of production, publication, distribution, manufacture London :
Name of producer, publisher, distributor, manufacturer Sweet & Maxwell Limited,
Date of production, publication, distribution, manufacture, or copyright notice 1880.
300 ## - PHYSICAL DESCRIPTION
Extent xii, 567 pages ;
Dimensions 24 cm.
336 ## - CONTENT TYPE
Source rda content
Content type term text
337 ## - MEDIA TYPE
Source rda media
Media type term Computer
338 ## - CARRIER TYPE
Source rda carrier
Carrier type term Online Resource
500 ## - GENERAL NOTE
General note 1st ed. has title: Private international law.
504 ## - BIBLIOGRAPHY, ETC. NOTE
Bibliography, etc. note Includes bibliographical references and index.
546 ## - LANGUAGE NOTE
Language note Text in English
650 14 - SUBJECT ADDED ENTRY--TOPICAL TERM
Topical term or geographic name entry element conflict of laws
General subdivision Private international law
Source of heading or term qrmak
651 1# - SUBJECT ADDED ENTRY--GEOGRAPHIC NAME
Source of heading or term qrmak
700 1# - ADDED ENTRY--PERSONAL NAME
Personal name Guthrie, William,
Dates associated with a name 1835-1908.
Relator term Translator.
700 1# - ADDED ENTRY--PERSONAL NAME
Personal name Bartolus,
Titles and other words associated with a name 1313-1357,
Relator term Contributor
700 1# - ADDED ENTRY--PERSONAL NAME
Personal name Moulinaeus,
Dates associated with a name 1500-1566,
Relator term Contributor
700 1# - ADDED ENTRY--PERSONAL NAME
Personal name Voet, Paul,
Dates associated with a name 1619-1667,
Relator term Contributor
700 1# - ADDED ENTRY--PERSONAL NAME
Personal name Huber,
Dates associated with a name 1636-1694,
Relator term Contributor
856 40 - ELECTRONIC LOCATION AND ACCESS
Uniform Resource Identifier <a href="https://fll.law.cu.edu.eg/fulltext/bks/B12-01563.pdf">https://fll.law.cu.edu.eg/fulltext/bks/B12-01563.pdf</a>
905 ## - Cataloger and Reviser Names
Cataloger Name: Rawan khaled
Revisor Name: Hassnaa
942 ## - ADDED ENTRY ELEMENTS (KOHA)
Source of classification or shelving scheme Dewey Decimal Classification
Koha item type Books
Edition 21
Suppress in OPAC No
Holdings
Withdrawn status Lost status Source of classification or shelving scheme Damaged status Not for loan Collection Home library Current library Date acquired Total checkouts Full call number Barcode Date last seen Copy number Price effective from Koha item type
    Dewey Decimal Classification   Not for loan القانون الدولي الخاص جــــامعة القــاهرة مكتبة كلية الحقوق - المبنى الرئيسي 17.12.2025   Law1 12 341.84 SA. P 2 ed - 1880 1201563 C1 B12-01563 17.12.2025 1 17.12.2025 Books
    Dewey Decimal Classification     القانون الدولي الخاص جــــامعة القــاهرة مكتبة كلية الحقوق - المبنى الرئيسي 17.12.2025   Law1 12 341.84 SA. P 2 ed - 1880 1201564 C2 B12-01564 17.12.2025 2 17.12.2025 Books
    Dewey Decimal Classification     القانون الدولي الخاص جــــامعة القــاهرة مكتبة كلية الحقوق - فـرع الشيخ زايد 17.12.2025   Law2 12 341.84 SA. P 2 ed - 1880 1201565 C3 B12-01565 17.12.2025 3 17.12.2025 Books

© All rights reserved — Faculty of Law, Cairo University